Los libros tienen la palabra, 4 : (Record no. 19306)
[ view plain ]
| 000 -CABECERA | |
|---|---|
| campo de control de longitud fija | 01426ngm a2200217 a 4500 |
| 005 - FECHA Y HORA DE LA ÚLTIMA TRANSACCIÓN | |
| campo de control | 20240806063841.0 |
| 008 - ELEMENTOS DE LONGITUD FIJA--INFORMACIÓN GENERAL | |
| campo de control de longitud fija | 991125s1980 mx 030 aaspa u |
| 035 ## - NÚMERO DE CONTROL DEL SISTEMA | |
| Número de control de sistema | UPN01000019306 |
| 049 ## - COLECCIÓN | |
| Colección | AV |
| 050 #4 - SIGNATURA TOPOGRÁFICA DE LA BIBLIOTECA DEL CONGRESO | |
| Número de clasificación | PVI Z 0504 |
| 245 04 - MENCIÓN DE TÍTULO | |
| Título | Los libros tienen la palabra, 4 : |
| Resto del título | La encuadernación de libros. |
| 260 ## - PUBLICACIÓN, DISTRIBUCIÓN, ETC. | |
| Lugar de publicación, distribución, etc. | [México] : |
| Nombre del editor, distribuidor, etc. | UTEC, |
| Fecha de publicación, distribución, etc. | [198-]. |
| 300 ## - DESCRIPCIÓN FÍSICA | |
| Extensión | 1 videocasete (VHS) (30 min.) : |
| Otras características físicas | son., col. |
| 520 ## - NOTA DE RESUMEN, ETC. | |
| Sumario, etc. | Se presenta un reportaje de cómo surgió la encuadernación de libros y cómo fue evolucionando. En la encuadernación se combinan belleza y armonía, se utiliza piel y madera que son trabajadas artísticamente. En la Edad Media esta actividad la realizaban exclusivamente los monjes; con la Revolución Industrial las máquinas modernas conquistaron el mercado de la encuadernación y cambian los materiales que se emplean a cartón, plástico y tela. En la sección el escritor y su mundo habla de José Agustín y sus obras, presenta un fragmento de su novela "Ciudades desiertas" y una entrevista con el escritor. Incluye algunas escenas en blanco y negro |
| 501 ## - NOTA DE "CON" | |
| Nota de “Con” | Con: Niños y jóvenes en las bibliotecas públicas -- Publicaciones infantiles de la SEP -- Avances tecnológicos en la industria editorial |
| 600 14 - ASIENTO SECUNDARIO DE MATERIA - NOMBRE PERSONAL | |
| Nombre de persona | AGUSTIN, JOSE, |
| Fechas asociadas al nombre | 1944- |
| 650 #4 - ASIENTO SECUNDARIO DE MATERIA - TERMINO TEMATICO | |
| Término de materia o nombre geográfico como elemento de entrada | ENCUADERNACION |
| 9 (RLIN) | 21048 |
| 650 #4 - ASIENTO SECUNDARIO DE MATERIA - TERMINO TEMATICO | |
| Término de materia o nombre geográfico como elemento de entrada | Literatura mexicana |
| 9 (RLIN) | 4466 |
| 740 3# - ASIENTO SECUNDARIO - TÍTULOS RELACIONADOS /ANALITICOS NO CONTROLADOS | |
| Título relacionado o analítico no controlado | La encuadernación de libros |
| 905 ## - TIPO DE MATERIAL | |
| Tipo de material | Audiovisuales |
| Estado de retiro | Estado de pérdida | Fuente del sistema de clasificación o colocación | Estado dañado | No para préstamo | Código de colección | Localización permanente | Ubicación/localización actual | Ubicación en estantería | Total de préstamos | Clasificación | Código de barras | Fecha visto por última vez | Número de copia | Tipo de ítem Koha |
|---|---|---|---|---|---|---|---|---|---|---|---|---|---|---|
| Library of Congress Classification | Audiovisuales | Bib. Gregorio Torres Quintero | Bib. Gregorio Torres Quintero | Audiovisual | PVI Z 0504 | 0504CPVI | 31/12/2020 | 1 | Libro |
